000 00865nam a22001697a 4500
999 _c58910
_d58910
003 Ge_BSU
005 20221018142106.0
008 221018s1991 ge ||||| |||| 00| 0 geo d
041 _ageo
080 _a27-23 ბ-65
245 _aბიბლია : ძველი და ახალი აღთქმა /
_cდაიბეჭდა უწმინდესისა და უნეტარესის სრულიად საქართველოს კათოლიკოს-პატრიარქის ილია II ლოცვა-კურთხევით.
264 _aთბილისი :
_bსაქართველოს საპატრიარქო,
_c1989.
300 _a1216გვ. :
_b4ფ. ილ. ;
_c30სმ.
653 _aრელიგია
653 _aქრისტიანობა
942 _2udc
_cBK